000 00503nam a22001697a 4500
005 20250123093957.0
008 250123b |||||||| |||| 00| 0 eng d
020 _a9788188867363
050 _aRA638 PRI
245 _aPrinciples and Practices of Immunization/
_cTarun Gera...et al.,
250 _a1st ed.
260 _aAnsari Road, Daryaganj
_bPeepee Publishers & Distributors
_c2005
300 _avi. 210p.
_c21.5cm
500 _aincludes index
700 _aGera, Tarun
942 _2lcc
_cBK
_e1st ed.
_n0
999 _c2885
_d2885